| 000 | 00600nam a2200193Ia 4500 | ||
|---|---|---|---|
| 005 | 20260601193250.0 | ||
| 008 | 260601s9999||||xx |||||||||||||| ||und|| | ||
| 020 |
_a978-3-031-66535-6 _qebk |
||
| 100 | _aJoseph Finkelstein | ||
| 245 | 0 | _aArtificial Intelligence in Medicine | |
| 250 | _a2024 | ||
| 260 |
_aHeidelberg, Germany _bSpringer Nature _c2024 |
||
| 440 | _aLecture Notes in Computer Science | ||
| 650 | _aComputer Science | ||
| 700 | _aEnea Parimbelli | ||
| 700 | _aRobert Moskovitch | ||
| 856 | _uhttps://link.springer.com/openurl?genre=book&isbn=978-3-031-66535-6 | ||
| 942 |
_cEB _2ddc |
||
| 999 |
_c56703 _d56703 |
||